000 00297nam a22001097a 4500
008 170123b xxu||||| |||| 00| 0 eng d
020 _a9781608318018
041 _aeng
080 _23RD
_a618.2
245 _aESSENTIALS OF MATENRITY, NEWBORNM, AND WOMEN'S HEALTH NURSING
_cRICCI, S.S
942 _2udc
_cBK
999 _c3348
_d3348